000 01863nam0a2200433 4500
001 RU\NLR\bibl\1159885
005 20260405143835.0
010 _a978-5-98654-029-0
_95000
021 _aRU
_b2007-63416
_93382
035 _a(nilc)EL/0000149673
035 _aVIL\RUSMED\0000109039
035 _a(NLR Aleph) 001146638
090 _a1451398
_c1451398
100 _a20071001d2007 |||y0rusy50 ca
101 0 _arus
102 _aRU
105 _aa |||||||||
200 1 _aВаскуляризация производных пищеварительной трубки на этапах онтогенеза
_dVascularization of derivatives of digestive tube in human ontogenesis
_fА.А. Молдавская
_zeng
210 _aМосква
_cАкадемия естествознания
_d2007
215 _a143 с.
_cил.
_d21
300 _aАвт. также на англ. яз.: A.A. Moldavskaja
320 _aБиблиогр.: с. 137-142 (54 назв.)
510 0 _6z11790
_aVascularization of derivatives of digestive tube in human ontogenesis
_zeng
606 1 _aКровеносные сосуды пищеварительного тракта
_xОнтогенез
_92497206
_3RU\NLR\auth\661481324
675 _a611.3.013
_vudc
686 _a34.41.35
_2rugasnti
686 _aA03 - кровоснабжение
_2MeSH
686 _aA03 - эмбриология
_2MeSH
686 _aЕ838.12
686 _aР716.212.2
686 _aР731.943
700 1 _4070
_8rus
_7ca
_aМолдавская
_bА. А.
_f1937-
_gАнна Аркадьевна
_3RU\NLR\auth\7748592
_931527
790 1 _4070
_8rus
_7ba
_aMoldavskaja
_bA. A.
_f1937-
_gAnna Arkad'evna
_3RU\NLR\auth\7759523
_942454
801 0 _aRU
_bЦНМБ
_c20071001
_gPSBO
801 1 _aRU
_bЦНМБ
_c20071001
801 2 _aRU
_bNLR
_c20071126
_grcr
942 _cBOOK
980 _aNB